| 000 | 00562nam a22001937a 4500 | ||
|---|---|---|---|
| 005 | 20251108174527.0 | ||
| 008 | 250721s2003 xx 000 0 ara d | ||
| 020 | _a2745108387 | ||
| 082 | 1 | 4 | _a811.1/عبد |
| 100 | 1 |
_aناصر الدين، مهدي محمد _eشارح |
|
| 245 | 1 | 0 | _aديوان طرفة بن العبد / |
| 250 | _aط.3. | ||
| 264 | 1 |
_aبيروت : _bدار الكتب العلمية، _c2003. |
|
| 300 | _a85 ص. | ||
| 650 | 1 | 7 | _aالشعر العربي |
| 650 | 1 | 7 | _aالشعر الجاهلي |
| 942 |
_2ddc _cBK |
||
| 999 |
_c111426 _d111426 |
||